000
00265nam a2200109Ia 4500
008
201231s9999 xx 000 0 und d
100
_a
Bayly, C.A.
245
0
_a
Empire & information.
260
_a
Cambridge
_b
Cambridge University Press
300
_a
412
942
_c
BK
999
_c
9474
_d
9474